| 000 | 00445nam a2200169Ia 4500 | ||
|---|---|---|---|
| 008 | 100304t2002 xxu||||| |||| 00| 0 sin d | ||
| 041 | _asin | ||
| 080 |
_aX8S31 _bGUN |
||
| 100 | _aGunathilake, Kanthi | ||
| 245 | _aසකුරා මල් යෙහෙළියෝ | ||
| 246 | _aSakura Mal Yeheliyo | ||
| 260 |
_bRatna _aColombo _c2002 |
||
| 300 | _a114p., 21 cm | ||
| 942 | _cBK | ||
| 999 |
_c71928 _d71928 |
||
| 003 | LK-CoDNM | ||
| 040 |
_aLK-CoDNM _dLK-CoDNM _eLK-CoDNM |
||